A reklám és funkcioi a szocialista gazdaságban

Na minha lista:
Detalhes bibliográficos
Autor principal: Sándor, Imre
Formato: Livro
Idioma:húngaro
Publicado em: Budapest Akadémiai Kiadó 1979
Tags: Adicionar Tag
Sem tags, seja o primeiro a adicionar uma tag!

MARC

LEADER 00000nam a2200000 4500
001 0223424
005 20240822101704.8
041 0 |a hun 
044 |a HU 
245 1 0 |a A reklám és funkcioi a szocialista gazdaságban  |c Imre Sándor 
264 1 |a Budapest  |b Akadémiai Kiadó  |c 1979 
300 |a 168 s. 
100 1 |a Sándor, Imre